000 00477nam a2200169Ia 4500
008 240729s9999 xx 000 0 und d
022 _a2228-835X
245 0 _aWalailak Journal of Science and Technology
260 _aThailand
260 _bWalailak University
650 _a Science (General)
650 _a Technology (General) | Science
650 _aTechnology
856 _uhttps://doaj.org/toc/674228acc3644bc7994d050b958dc186
942 _2ddc
942 _cDOAJEJ
999 _c69950
_d69950
945 _a1
_bMadushi Gamage
_c1
_dMadushi Gamage